沃尔玛王朝 (Record no. 54196)

000 -LEADER
fixed length control field 00495nam a22001937a 4500
003 - CONTROL NUMBER IDENTIFIER
control field MPLRDC
005 - DATE AND TIME OF LATEST TRANSACTION
control field 20220104154846.0
008 - FIXED-LENGTH DATA ELEMENTS--GENERAL INFORMATION
fixed length control field 210129b ||||| |||| 00| 0 eng d
020 ## - INTERNATIONAL STANDARD BOOK NUMBER
International Standard Book Number 986-417-266-2
082 ## - DEWEY DECIMAL CLASSIFICATION NUMBER
Classification number 498.2 SLAT
100 ## - MAIN ENTRY--PERSONAL NAME
Personal name ROBERT SLATER
245 ## - TITLE STATEMENT
Title 沃尔玛王朝
Statement of responsibility, etc. 黄秀嫒译
250 ## - EDITION STATEMENT
Edition statement 初版
260 ## - PUBLICATION, DISTRIBUTION, ETC.
Place of publication, distribution, etc. 台湾
Name of publisher, distributor, etc. 天下远见出版股份有限公司
Date of publication, distribution, etc. 2004
300 ## - PHYSICAL DESCRIPTION
Other physical details 340
490 ## - SERIES STATEMENT
Series statement 企管财经. 284
650 ## - SUBJECT ADDED ENTRY--TOPICAL TERM
Topical term or geographic name entry element 零售商店
942 ## - ADDED ENTRY ELEMENTS (KOHA)
Koha item type Book
-- 498.2 SLAT
Holdings
Withdrawn status Lost status Source of classification or shelving scheme Damaged status Not for loan Collection code Home library Current library Shelving location Date acquired Cost, normal purchase price Total Checkouts Total Renewals Full call number Barcode Date last seen Date last checked out Price effective from Koha item type Public note
            Malaysian Public Library, Research and Development Centre Malaysian Public Library, Research and Development Centre   10/12/2007 51.50   1 498.2 SLAT 00054383 18/03/2021 19/06/2015 18/03/2021 Book mplrdc

© 2022. Malaysian Public Library, Research and Development Centre. All Right ReservedE-mailmplrdc@help.edu.my 

Powered by Koha